Digitálna architektúra FA STU 2009 : seminár o digitálnej architektúre, 11.6.2009 na FA STU v Bratislave

Salvato in:
Dettagli Bibliografici
Altri autori: Šimkovič, Vladimír, 1953- (Compilatore)
Natura: Libro
Pubblicazione: Bratislava : STU, 2009
Soggetti:
Tags: Aggiungi Tag
Nessun Tag, puoi essere il primo ad aggiungerne!!

MARC

LEADER 00000nam a22000003a 4500
001 stu197113
005 20230214144313.3
008 091211s2009----------------------------d
020 |a 978-80-227-3220-8 
040 |a STU  |b slo 
100 1 |a Šimkovič, Vladimír,  |d 1953-  |4 com  |u A8180  |9 100  |U FAD Fakulta architektúry  |T FA Ústav architektúry občianskych budov  |X 394  |U A8180  |Y 399  |7 A000000394 
245 1 |a Digitálna architektúra FA STU 2009 :  |b seminár o digitálnej architektúre, 11.6.2009 na FA STU v Bratislave 
260 |a Bratislava :  |b STU,  |c 2009 
300 |a 108 s 
650 7 |a digitálna architektúra  |2 stusub 
996 |b 284AU04393  |c A*6876 U  |l AAKNST  |s P  |a 0  |w stu197113_0001